| 000 | 00753cam a2200217 a 4500 | ||
|---|---|---|---|
| 001 | 000002809 | ||
| 003 | DO-SdBNP | ||
| 005 | 20250318150725.0 | ||
| 008 | 910114s1914 sp 001 0 spa | ||
| 040 |
_aDO-SdBNP _bspa _cBNPHU |
||
| 082 |
_a980.2 _bC719r |
||
| 100 |
_aColón, Cristobal, _d1436-1456 _919795 |
||
| 245 | 1 | 0 |
_aRelaciones y cartas / _cCristóbal Colón. |
| 260 |
_aMadrid : _bLibrería de Perlado. Páez y C. Sucesores de Hernándo, _c1914. |
||
| 300 |
_at. 164 ; _c18 cm. |
||
| 490 | 1 |
_aBiblioteca Clásica _v164. |
|
| 500 | _aLa biblioteca posee el tomo 164. | ||
| 651 | 4 |
_aAmérica -- _xDescubrimiento y exploración -- _xEspañoles _9544 _vEnsayo, conferencias, etc. |
|
| 830 | 0 |
_aBiblioteca Clásica ; _v164. _98878 |
|
| 942 |
_2ddc _cLBS1 |
||
| 999 |
_c2643 _d2643 |
||